| 000 | 00900nam a2200217Ia 4500 | ||
|---|---|---|---|
| 001 | 10017 | ||
| 003 | GE_BSU | ||
| 008 | 181216s||||||||xx |||||||||||||| ||und|| | ||
| 040 | _cGE_BSU | ||
| 100 | _aრობაქიძე,გრიგოლ | ||
| 245 | _aგველის პერანგი.ფალესტრა | ||
| 245 | _bრომანები | ||
| 245 | _cრედ.ავთ.ჩხიკვიშვილი.სერიის შემდგ.რედ.გურამ გვერდწითელი.გურამ ფანჯიკიძე.[მხატვ.სპ.ცინცაძე] | ||
| 260 | _aთბილისი | ||
| 260 | _bმერანი | ||
| 260 | _c1989 | ||
| 300 | _a383გვ.1ფ.პორტრ.22სმ. | ||
| 653 | _aგველის პერანგი.ფალესტრა | ||
| 653 | _aრომანები | ||
| 942 | _cBK | ||
| 999 |
_c43290 _d43290 |
||